000 00517nam a2200181Ia 4500
001 20263
005 20260306172753.0
008 260306t2012||||xx |||||||||||||| ||spa||
041 _aESP
082 _a343.1
_bE386
100 _aEto Cruz, Gerardo
_eAUT
245 0 _aEl desarrollo del derecho procesal constitucional a partir de la jurisprudencia del tribunal constitucional peruano
260 _c2012
300 _axxix, 573 páginas :
_c21 cm.
650 _aGEN
654 _aCDE
942 _cLIB
_dJUS
_fJUS
_2ddc
_n
999 _c20263
_d20263